e. explore : Rock and Mineral

Bibliographic Details
Main Author: Farndon, John
Format: Book
Published: London : Great Britain , 2005
Series:e.explore
Subjects:

MARC

LEADER 00000cam a2200000 7i4500
001 0000006368
005 20151222.0
008 070816
020 |a 1405303654 
090 0 0 |a GEO   |b ENG 
100 1 |a Farndon, John 
245 1 0 |a e. explore :   |b Rock and Mineral   |c John Farndon 
260 |a London :   |b Great Britain ,   |c 2005 
440 |a e.explore 
500 |a Children ages 10-12 years old (pink) 
650 0 |a Mineral   |x Juvenile literature 
650 0 |a Rock   |x Juvenile literature 
999 |a 0000985093   |b Book   |c Children Collection   |e Perbadanan Perpustakaan Awam Johor 
999 |a 0001146898   |b Book   |c Children Collection   |e Cawangan Segamat